[Event "Erkel Memorial op"]
[Site "Gyula"]
[Date "2001.11.03"]
[Round "5"]
[White "Gality, Illes"]
[Black "Menyhart, Tibor"]
[Result "1/2-1/2"]
[WhiteElo "2157"]
[BlackElo "2232"]
[PlyCount "125"]
[EventDate "2001.10.30"]
[EventType "swiss"]
[EventRounds "9"]
[EventCountry "HUN"]
[SourceTitle "EXT 2008"]
[Source "ChessBase"]
[SourceDate "2007.11.25"]
[SourceVersion "1"]
[SourceVersionDate "2007.11.25"]
[SourceQuality "1"]

1. d4 Nf6 2. Nf3 d5 3. Bf4 c5 4. e3 Qb6 5. Qc1 Nc6 6. c3 Bg4 7. Nbd2 Rc8 8. Bd3 e6 9. h3 Bh5 10. Qb1 Be7 11. Ne5 Nxe5 12. dxe5 Nd7 13. b3 Bg6 14. Nf3 Qa5 15. Qc2 c4 16. Bxg6 cxb3 17. Bxf7+ Kxf7 18. Qd2 Qxc3 19. Qxc3 Rxc3 20. axb3 Rxb3 21. 0-0 Bc5 22. Nd4 Rb4 23. Rfb1 Bxd4 24. exd4 Rxb1+ 25. Rxb1 Rb8 26. Rc1 Ke8 27. Kf1 h6 28. Ke2 Kd8 29. h4 Nb6 30. g4 Nc4 31. h5 b5 32. Bd2 a5 33. f4 Ke7 34. Ra1 b4 35. Kd3 Kd7 36. f5 exf5 37. gxf5 Rf8 38. Rf1 Nxd2 39. Kxd2 Ke7 40. Kc2 a4 41. Kb2 Rc8 42. Rf3 Rc4 43. Rd3 b3 44. Rd2 Kd7 45. Ka3 Kc6 46. Kb2 Kb5 47. f6 gxf6 48. exf6 Kb4 49. f7 a3+ 50. Kb1 Rc8 51. Rf2 Rf8 52. Rf4 Kc4 53. Rf3 Ra8 54. Rf1 Rf8 55. Rf3 Kb4 56. Rf4 Ka4 57. Rf6 a2+ 58. Kb2 Rc8 59. Rf1 Rf8 60. Rf3 a1Q+ 61. Kxa1 Kb4 62. Kb2 Kc4 63. Rf4 1/2-1/2

[Event "Erkel Memorial op"]
[Site "Gyula"]
[Date "2001.10.31"]
[Round "2"]
[White "Gality, Illes"]
[Black "Mokcsay, Robert"]
[Result "1/2-1/2"]
[WhiteElo "2157"]
[BlackElo "2294"]
[PlyCount "150"]
[EventDate "2001.10.30"]
[EventType "swiss"]
[EventRounds "9"]
[EventCountry "HUN"]
[SourceTitle "EXT 2008"]
[Source "ChessBase"]
[SourceDate "2007.11.25"]
[SourceVersion "1"]
[SourceVersionDate "2007.11.25"]
[SourceQuality "1"]

1. e4 c6 2. d4 d5 3. e5 Bf5 4. Bd3 Bxd3 5. Qxd3 e6 6. f4 c5 7. c3 Nc6 8. Ne2 Rc8 9. 0-0 cxd4 10. Nxd4 Nh6 11. Nd2 Nxd4 12. cxd4 Qb6 13. Nf3 Be7 14. h3 Nf5 15. Kh2 h5 16. a4 h4 17. Bd2 0-0 18. Bc3 Rc6 19. a5 Qa6 20. Qxa6 Rxa6 21. Rfe1 Rc8 22. Nd2 g5 23. Rf1 Rac6 24. Rf3 Kh7 25. Nf1 gxf4 26. Rxf4 Bg5 27. Rf3 Rc4 28. Rd1 Rg8 29. Rdd3 Rg7 30. b3 Rc8 31. g4 hxg3+ 32. Nxg3 Nxg3 33. Kxg3 Bh4+ 34. Kh2 Rcg8 35. Rd1 Rg2+ 36. Kh1 R2g3 37. Rdf1 f5 38. exf6 Bxf6 39. Kh2 Rg2+ 40. Kh1 Bd8 41. Rf7+ R8g7 42. Rxg7+ Rxg7 43. Rg1 Rc7 44. Rg3 Bh4 45. Rf3 Rg7 46. Rf4 Bg5 47. Rg4 Rc7 48. Rg3 Kh6 49. Kg2 Kh5 50. Rf3 Rc6 51. Kf1 b6 52. Ke2 bxa5 53. Bxa5 Rc2+ 54. Kd3 Rh2 55. Be1 Kg6 56. Kc3 Be7 57. b4 Re2 58. Bg3 a6 59. Be5 Ra2 60. Kb3 Ra1 61. Rg3+ Kf7 62. Rg7+ Ke8 63. Rg8+ Kd7 64. Rg7 Ke8 65. Rg8+ Kf7 66. Rg7+ Kf8 67. Rh7 Rb1+ 68. Ka4 Bxb4 69. h4 Bd2 70. h5 Rh1 71. Rh8+ Ke7 72. Rh7+ Ke8 73. Rh8+ Kd7 74. Rh7+ Kc6 75. Re7 Rxh5 1/2-1/2

[Event "Erkel Memorial op"]
[Site "Gyula"]
[Date "2001.10.30"]
[Round "1"]
[White "Gality, Illes"]
[Black "Strifler, Janos"]
[Result "1-0"]
[WhiteElo "2157"]
[BlackElo "2014"]
[PlyCount "59"]
[EventDate "2001.10.30"]
[EventType "swiss"]
[EventRounds "9"]
[EventCountry "HUN"]
[SourceTitle "EXT 2008"]
[Source "ChessBase"]
[SourceDate "2007.11.25"]
[SourceVersion "1"]
[SourceVersionDate "2007.11.25"]
[SourceQuality "1"]

1. e4 d6 2. d4 Nc6 3. Be3 e5 4. d5 Nb8 5. Bd3 Nf6 6. h3 Be7 7. Nd2 b6 8. Qe2 Nbd7 9. f4 g6 10. Ngf3 Nh5 11. Qf2 exf4 12. Bd4 Bf6 13. 0-0-0 Ne5 14. Nc4 Nxf3 15. Bxf6 Qxf6 16. Qxf3 Bb7 17. Rhf1 Qg7 18. e5 dxe5 19. Nxe5 0-0 20. Nd7 Rfd8 21. Bb5 a6 22. Bc6 Bxc6 23. dxc6 Ng3 24. Rfe1 Re8 25. Nxb6 cxb6 26. c7 Rac8 27. Rxe8+ Rxe8 28. Qc6 Qe5 29. Qxe8+ Qxe8 30. Rd8 1-0

[Event "Gyula op"]
[Site "Gyula"]
[Date "1996.??.??"]
[Round "?"]
[White "Dlauchy, Peter"]
[Black "Gality, Illes"]
[Result "1-0"]
[WhiteElo "2045"]
[BlackElo "2170"]
[PlyCount "109"]
[EventDate "1996.??.??"]
[EventType "swiss"]
[EventRounds "9"]
[EventCountry "HUN"]
[SourceTitle "EXT 2001"]
[Source "ChessBase"]
[SourceDate "2000.11.22"]
[SourceVersion "1"]
[SourceVersionDate "2000.11.22"]
[SourceQuality "1"]

1. e4 c5 2. Nf3 a6 3. d4 cxd4 4. Nxd4 Nf6 5. Nc3 e5 6. Nb3 Bb4 7. Bd3 Bxc3+ 8. bxc3 d5 9. Bg5 dxe4 10. Bxe4 Qxd1+ 11. Rxd1 Nbd7 12. Bf3 e4 13. Be2 0-0 14. 0-0 h6 15. Bh4 b6 16. Rd6 Ra7 17. Rfd1 b5 18. R6d4 Re8 19. c4 bxc4 20. Rxc4 Ne5 21. Rcd4 g5 22. Bg3 Bg4 23. Kf1 h5 24. Rd8 Bxe2+ 25. Kxe2 Rae7 26. Rxe8+ Rxe8 27. Rd6 Kg7 28. Rxa6 Nd5 29. Bxe5+ Rxe5 30. Ra5 Nc3+ 31. Ke3 Kf6 32. Ra6+ Re6 33. Rxe6+ Kxe6 34. Kd4 Nxa2 35. Kxe4 f5+ 36. Kd4 Nb4 37. c4 Nc2+ 38. Kc5 Ke5 39. Kb6 f4 40. c5 Nb4 41. Kb5 Nd5 42. Nd2 g4 43. c6 Kd4 44. Nb3+ Kd3 45. Kc5 Ne7 46. c7 h4 47. Nd4 Ke4 48. f3+ gxf3 49. Nxf3 h3 50. Ng5+ Ke3 51. Nxh3 f3 52. g4 Ke4 53. Kd6 Nc8+ 54. Ke6 Nb6 55. g5 1-0